| 000 | 00858cam a2200265 i 4500 | ||
|---|---|---|---|
| 001 | 11574 | ||
| 003 | BD-RjUL | ||
| 005 | 20211208235140.0 | ||
| 008 | 140127r1965 1939nyuaf b 001 0 eng | ||
| 020 | _a0404121039 | ||
| 035 | _a(BD-RjUL) | ||
| 040 |
_aDLC _cDLC _d(BD-RjUL) _beng |
||
| 041 | _aeng | ||
| 082 | 0 | 0 |
_a301.412096694 _bLEA 1965 |
| 100 | 2 |
_aLeith-Ross, Sylvia. _935802 |
|
| 245 | 1 | 0 |
_aAfrican women : _ba study of the Ibo of Nigeria / _cSylvia Leith-Ross ; with a foreword by Lord Lugard. |
| 260 |
_aNew York : _bAMS Press, _c1965. |
||
| 300 |
_a367 p. : _bill. ; _c23 cm. |
||
| 500 | _aReprint of the 1939 ed. published by Routledge & K. Paul, London. | ||
| 504 | _aIncludes bibliographical references and index. | ||
| 650 | 0 |
_aWomen, Igbo. _935803 |
|
| 650 | 0 |
_aWomen _zNigeria. _935804 |
|
| 942 |
_2ddc _cBK |
||
| 999 |
_c11574 _d11574 |
||